000 00718nam a2200265Ia 4500
003 OSt
005 20220918183932.0
006 a|||||r|||| 00| 0
007 ta
008 220917b |||||||| |||| 00| 0 eng d
024 _a42,574
037 _cTextual
040 _aARTS
_cARTS
_beng
041 _2eng
_aeng
082 _aO152,1H50w, 111L2 (MILSC)
100 _aJha Ramanath
_963997
245 0 _aVidyapati
260 _aNew Delhi
_bSahitya Akademi
_c1972
300 _a68p.
_ccm.
490 _aMakers of Indian literature
500 _aBib 67-68p
650 _aENGLISH LITERATURE
942 _hO152,1H50w, 111L2 (MILSC)
_cTEXL
_2CC
999 _c174398
_d174398